ਜਿਨ ਪ੍ਰੇਮ ਕੀਓ : (Record no. 109799)
[ view plain ]
| 000 -LEADER | |
|---|---|
| fixed length control field | 00986nam a22002537a 4500 |
| 005 - DATE AND TIME OF LATEST TRANSACTION | |
| control field | 20170123164143.0 |
| 010 ## - LIBRARY OF CONGRESS CONTROL NUMBER | |
| LC control number | B-028583 |
| 020 ## - INTERNATIONAL STANDARD BOOK NUMBER | |
| Terms of availability | 70.00 |
| International Standard Book Number | 8175990902 |
| 035 ## - SYSTEM CONTROL NUMBER | |
| System control number | B-028583 |
| 037 ## - SOURCE OF ACQUISITION | |
| Stock number | Cen Lib / Ret |
| 040 ## - CATALOGING SOURCE | |
| Original cataloging agency | DPL |
| Language of cataloging | PN |
| 082 ## - DEWEY DECIMAL CLASSIFICATION NUMBER | |
| Classification number | 851 |
| Item number | ਟਿਵਾਨਾ |
| 100 ## - MAIN ENTRY--PERSONAL NAME | |
| Personal name | ਟਿਵਾਨਾ, ਮਨਜੀਤ |
| 9 (RLIN) | 118908 |
| 245 ## - TITLE STATEMENT | |
| Title | ਜਿਨ ਪ੍ਰੇਮ ਕੀਓ : |
| Statement of responsibility, etc | ਮਨਜੀਤ ਟਿਵਾਨਾ |
| Remainder of title | ਕਵਿਤਾਵਾਂ / |
| 246 ## - VARYING FORM OF TITLE | |
| Title proper/short title | Jin prem kiao / |
| Remainder of title | by Manjit Tiwana |
| 260 ## - PUBLICATION, DISTRIBUTION, ETC. (IMPRINT) | |
| Place of publication, distribution, etc | ਨੇਵੀ ਦਿੱਲੀ |
| Name of publisher, distributor, etc | ਨਾਵਯੁਗ ਪ੍ਰਕਾਸ਼ਨ |
| Date of publication, distribution, etc | 2000 |
| 270 ## - ADDRESS | |
| Address | ਕੇ ੨੪, ਹੁਜ਼ ਖਾਸ |
| City | ਦਿੱਲੀ |
| Postal code | 110016 |
| 300 ## - PHYSICAL DESCRIPTION | |
| Extent | 58p. |
| Dimensions | 19cm(Hb) |
| 650 ## - SUBJECT ADDED ENTRY--TOPICAL TERM | |
| Topical term or geographic name as entry element | ਪੰਜਾਬੀ - ਕਵਿਤਾਵਾਂ |
| 9 (RLIN) | 118909 |
| 650 ## - SUBJECT ADDED ENTRY--TOPICAL TERM | |
| Topical term or geographic name as entry element | ਸਾਹਿਤ -- ਪੰਜਾਬੀ |
| 9 (RLIN) | 118910 |
| 650 ## - SUBJECT ADDED ENTRY--TOPICAL TERM | |
| Topical term or geographic name as entry element | Punjabi -- Poems |
| 9 (RLIN) | 98797 |
| 650 ## - SUBJECT ADDED ENTRY--TOPICAL TERM | |
| Topical term or geographic name as entry element | Punjabi Literature |
| 9 (RLIN) | 781 |
| 942 ## - ADDED ENTRY ELEMENTS (KOHA) | |
| Source of classification or shelving scheme | Dewey Decimal Classification |
| Koha item type | Punjabi Bks |
| Classification part | 851 |
| Call number suffix | ਟਿਵਾਨਾ |
| Withdrawn status | Lost status | Damaged status | Not for loan | Home library | Current library | Date acquired | Source of acquisition | Cost, normal purchase price | Total Checkouts | Full call number | Barcode | Date last seen | Copy number | Cost, replacement price | Price effective from | Koha item type |
|---|---|---|---|---|---|---|---|---|---|---|---|---|---|---|---|---|
| Central Library | Central Library | 06/01/2016 | Cen Lib/Ret | 70.00 | 851 ਟਿਵਾਨਾ | B-028583 | 06/01/2016 | 1 | 70.00 | 06/01/2016 | Punjabi Bks |
